000 00461nam a2200157 i 4500
001 70353
003 ES-MaACL
005 20230906170809.0
007 t|
008 040722s1963 sp ||||1| spa d
100 1 _aGarcía-Salve, Francisco.
_955252
245 1 0 _aCiprés de hombre
_b: impresiones en ruta hacia la fe /
_cFrancisco García-Salve.
260 _aMadrid :
_bStudium,
_c[1963]
300 _a79 p. ;
_c21 cm.
852 _aES-MaACL
_jC-23725
_bR.52243
999 _c70353
_d70353